|
|
|
|
| LEADER |
00000nam a22000007a 4500 |
| 005 |
20220915015531.0 |
| 007 |
cr|||| |||| |
| 008 |
220915s2008 us |||||s|||| 00||0 eng d |
| 020 |
|
|
|a 978-1-58576-102-9
|
| 035 |
|
|
|a 36358
|
| 040 |
|
|
|a vLex
|
| 090 |
|
|
|c 13908
|d 13908
|
| 100 |
1 |
|
|a Blackburn, William R.
|
| 245 |
1 |
3 |
|a The sustainability handbook
|h [Recurso electrn̤ico] /
|c William R. Blackburn
|
| 256 |
|
|
|a Servicio en ln̕ea
|
| 260 |
|
|
|a Washington DC:
|b Environmental Law Institute,
|c 2008
|
| 300 |
|
|
|a 1 recurso electrn̤ico
|
| 500 |
|
|
|a The pursuit of sustainability can be complex, challenging, and ultimately beneficial when practiced by corporate, academic, government and non-profit organizations. The Sustainability Handbook provides a blueprint on how organizations of all sizes can reach or exceed economic, social and environmental excellence. The handbook offers a wide variety of practical approaches and tools, including a model sustainability policy for organizations, summaries and tips on selecting sustainability codes, an extensive collection of sample metrics, and much more
|
| 506 |
1 |
|
|a Disponible solo en los productos indicados
|d vLex Global
|d vLex Global (Academic Edition, excluding Law Schools)
|d vLex Global (Academic Edition, Law Schools)
|
| 650 |
0 |
4 |
|a Derecho Comunitario
|z Estados Unidos
|
| 650 |
0 |
4 |
|a Derecho del Medio Ambiente
|z Estados Unidos
|
| 740 |
0 |
|
|a vLex Libros (Servicio en ln̕ea)
|
| 856 |
4 |
0 |
|u https://app.vlex.com/#/sources/36358
|z Acceso restringido
|
| 942 |
|
|
|c BOOK
|
| 999 |
0 |
|
|a Community Law
|
| 999 |
0 |
|
|a Environmental Law
|